<Die> Anwendung rekursiver, linearer Modelle zur Analyse und Prognese regionaler Strukturentwicklungen im Agrarsektor

Guardado en:
Detalles Bibliográficos
Autor principal: Doppler, Werner
Formato: Libro
Lenguaje:alemán
Publicado: Hannover Strothe 1974
Etiquetas: Agregar Etiqueta
Sin Etiquetas, Sea el primero en etiquetar este registro!

MARC

LEADER 00000nam a2200000 4500
001 0215263
005 20240109105218.0
041 0 |a ger 
044 |a DE 
245 1 0 |a <Die> Anwendung rekursiver, linearer Modelle zur Analyse und Prognese regionaler Strukturentwicklungen im Agrarsektor  |c Werner Doppler 
264 1 |a Hannover  |b Strothe  |c 1974 
300 |a 184 s. 
100 1 |a Doppler, Werner